<?xml version="1.0" encoding="UTF-8"?>
<collection xmlns="http://www.loc.gov/MARC21/slim">
 <record>
  <leader>00629pamaa2200169   4500</leader>
  <controlfield tag="001">0000032577</controlfield>
  <controlfield tag="005">20060516090000.0</controlfield>
  <datafield tag="020" ind1="0" ind2="0">
   <subfield code="a">1840645385 </subfield>
  </datafield>
  <datafield tag="082" ind1=" " ind2=" ">
   <subfield code="a">333.7 GLO 2001</subfield>
  </datafield>
  <datafield tag="090" ind1="0" ind2="0">
   <subfield code="a">HF1713 </subfield>
   <subfield code="b">GLO 2001</subfield>
  </datafield>
  <datafield tag="245" ind1="1" ind2="0">
   <subfield code="a">GLOBALIZATION and the environment : </subfield>
   <subfield code="b">risk assessment and the WTO  </subfield>
   <subfield code="c">edited by David Robertson and Aynsley Kellow.</subfield>
  </datafield>
  <datafield tag="260" ind1="0" ind2="0">
   <subfield code="a">Cheltenham, United Kingdom: </subfield>
   <subfield code="b">Edward Elgar, </subfield>
   <subfield code="c">2001.</subfield>
  </datafield>
  <datafield tag="300" ind1=" " ind2=" ">
   <subfield code="a">xiii, 262p.; </subfield>
   <subfield code="c">24cm.</subfield>
  </datafield>
  <datafield tag="650" ind1="0" ind2="0">
   <subfield code="a">Free trade -- </subfield>
   <subfield code="x">Environmental aspects -- </subfield>
   <subfield code="y">Congresses </subfield>
  </datafield>
  <datafield tag="650" ind1="0" ind2="0">
   <subfield code="a">International trade -- </subfield>
   <subfield code="x">Environmental aspects -- </subfield>
   <subfield code="y">Congresses </subfield>
  </datafield>
  <datafield tag="700" ind1="1" ind2="1">
   <subfield code="a">Robertson, </subfield>
   <subfield code="h">David </subfield>
  </datafield>
  <datafield tag="700" ind1="1" ind2="1">
   <subfield code="a">Kellow, </subfield>
   <subfield code="h">Aynsley </subfield>
  </datafield>
 </record>
</collection>
